000
00294nam a2200133Ia 4500
003
Ost
005
20260225132559.0
008
260225s9999||||xx |||||||||||||| ||und||
040
_c
fsic
041
_a
fre
082
_a
70.4
245
0
_a
Méthodes d'approche du monde pural /
942
_c
كتاب
999
_c
34622
_d
34622